[Event "Challenge #1"]
[Site "http://www.queenalice.com/game.php?id=626365"]
[Date "2009.7.28"]
[Round "-"]
[White "Aylton"]
[Black "hoof"]
[Result "0-1"]
[WhiteElo "2023"]
[BlackElo "2321"]

1. d4 f5 2. Nf3 Nf6 3. e3 e6 4. c4 Bb4+ 5. Nbd2 O-O 6. a3 Be7 7. Be2 c5 8. O-O
b6 9. h3 Qc7 10. b3 Bb7 11. Bb2 Nc6 12. dxc5 bxc5 13. Qc2 d6 14. Rfd1 Rae8 15.
Rac1 Nd7 16. Ne1 Nce5 17. f4 Ng6 18. b4 e5 19. Nd3 Qc6 20. Bf1 Bf6 21. b5 Qc7
22. a4 Bh4 23. Qc3 Rf7 24. a5 Bg3 25. fxe5 dxe5 26. a6 Ba8 27. Nb3 e4 28. Nf2
Nh4 29. Rd2 Bh2+ 30. Kh1 Qg3 31. Rcd1 Bg1 0-1

[Event "Challenge #2"]
[Site "http://www.queenalice.com/game.php?id=626367"]
[Date "2009.7.28"]
[Round "-"]
[White "hoof"]
[Black "Aylton"]
[Result "1-0"]
[WhiteElo "2315"]
[BlackElo "2023"]

1. e4 c5 2. Nf3 Nc6 3. d4 cxd4 4. Nxd4 e5 5. Nb5 d6 6. c4 a6 7. N5c3 f5 8. Bd3
fxe4 9. Nxe4 Nf6 10. Nxf6+ Qxf6 11. Nc3 Be6 12. Nd5 Bxd5 13. cxd5 Ne7 14. O-O h6
15. Qb3 b5 16. a4 Rb8 17. axb5 axb5 18. f4 g6 19. Bxb5+ Kd8 20. Bd2 Nc8 21. Ba5+
Ke7 22. fxe5 Qg5 23. exd6+ Kxd6 24. Qb4+ 1-0

[Event "Challenge"]
[Site "http://www.queenalice.com/game.php?id=626555"]
[Date "2009.7.29"]
[Round "-"]
[White "hoof"]
[Black "Sidinei"]
[Result "0-1"]
[WhiteElo "2335"]
[BlackElo "2475"]

1. e4 c5 2. Nf3 Nc6 3. d4 cxd4 4. Nxd4 e5 5. Nb5 d6 6. c4 Nf6 7. N1c3 a6 8. Na3
Be7 9. Nc2 O-O 10. Be2 Be6 11. O-O Rc8 12. Bd2 Re8 13. Bd3 Nd7 14. Re1 Nd4 15.
Nxd4 exd4 16. Nd5 Ne5 17. Qe2 Bh4 18. Rac1 Bg4 19. Qf1 g6 20. b3 Bd7 21. Red1
Bc6 22. Bb1 Nd7 23. Qd3 Bf6 24. Nxf6+ Qxf6 25. Qh3 Nf8 26. Re1 Re6 27. Qg3 Rce8
28. Bg5 Qe5 29. Bf4 Qf6 30. f3 Re5 31. Bxe5 dxe5 32. c5 h5 33. Bd3 h4 34. Qf2
Ne6 35. Red1 Nf4 36. a4 Kg7 37. Ra1 Qg5 38. Kh1 h3 39. g3 Nxd3 40. Rxd3 f5 41.
Re1 fxe4 42. fxe4 Rf8 43. Qe2 Qf6 44. Rdd1 Qf2 45. a5 d3 0-1

[Event "Challenge"]
[Site "http://www.queenalice.com/game.php?id=639220"]
[Date "2009.8.20"]
[Round "-"]
[White "m"]
[Black "hoof"]
[Result "0-1"]
[WhiteElo "1967"]
[BlackElo "2386"]

1. d4 e6 2. e4 d5 3. Nc3 Bb4 4. Qg4 Nf6 5. Qxg7 Rg8 6. Qh6 Rg6 7. Qh4 Rg4 8. Qh3
Rxe4+ 9. Ne2 e5 10. Qd3 exd4 11. a3 Ba5 12. b4 dxc3 13. bxa5 d4 14. Bg5 Re6 15.
O-O-O Qe7 16. Qb5+ Nc6 17. Nxd4 Qxa3+ 18. Kb1 Re5 19. Qb3 Qxb3+ 20. Nxb3 Rxg5
21. Bd3 Rxg2 22. Rhe1+ Kf8 23. h4 Bg4 24. Rc1 Rd8 25. a6 bxa6 26. Bxa6 Rb8 27.
Ka1 Nb4 28. Bc4 Rxf2 29. Nd4 Rf4 0-1

[Event "Challenge"]
[Site "http://www.queenalice.com/game.php?id=639221"]
[Date "2009.8.20"]
[Round "-"]
[White "hoof"]
[Black "m"]
[Result "1-0"]
[WhiteElo "2385"]
[BlackElo "1985"]

1. e4 c5 2. Nf3 d6 3. d4 cxd4 4. Nxd4 Nf6 5. Nc3 a6 6. Be3 Ng4 7. Bg5 h6 8. Bh4
g5 9. Bg3 Bg7 10. Be2 h5 11. Bxg4 Bxg4 12. f3 Bd7 13. Bf2 Nc6 14. Qd2 Qa5 15.
O-O-O O-O-O 16. Kb1 Bh6 17. Nb3 Qe5 18. Bg3 Qe6 19. Nd5 Kb8 20. Nc5 Qg6 21. Nxe7
Nxe7 22. Bxd6+ Ka8 23. Bxe7 g4 24. Qb4 Qc6 25. Bxd8 Rxd8 26. Rd6 Qc7 27. Nxa6
bxa6 28. Rxa6+ 1-0

[Event "AUTO-OPEN-1548"]
[Site "http://www.queenalice.com/game.php?id=641627"]
[Date "2009.8.24"]
[Round "2"]
[White "hoof"]
[Black "Janivgm"]
[Result "1-0"]
[WhiteElo "2384"]
[BlackElo "1859"]

1. e4 e5 2. Nf3 Nc6 3. Nc3 Nf6 4. Nxe5 Nxe5 5. d4 Neg4 6. e5 d5 7. Be2 Nxe5 8.
dxe5 d4 9. Nb5 Ne4 10. Qxd4 Qxd4 11. Nxd4 Bc5 12. c3 O-O 13. f3 Bxd4 14. cxd4
Rd8 15. Be3 Ng5 16. Bxg5 Rxd4 17. Be3 Rd5 18. f4 Bf5 19. O-O Re8 20. Bc4 Ra5 21.
Rfc1 a6 22. Bd2 Ra4 23. b3 Rxc4 24. Rxc4 c6 25. Ba5 h5 26. Rd4 b5 27. Rc1 Re6
28. Bd2 Kh7 29. Rd6 Kg6 30. Rcxc6 h4 31. Rxa6 Kh5 32. Ra7 Bg6 33. h3 f5 34. Rxe6
Bf7 35. Rxf7 b4 36. Rxf5+ 1-0

[Event "AUTO-OPEN-1548"]
[Site "http://www.queenalice.com/game.php?id=641628"]
[Date "2009.8.24"]
[Round "2"]
[White "Janivgm"]
[Black "hoof"]
[Result "0-1"]
[WhiteElo "1861"]
[BlackElo "2383"]

1. e4 Nc6 2. d4 d5 3. e5 Bf5 4. c3 f6 5. exf6 Nxf6 6. Bb5 e6 7. Nf3 Bd6 8. Bxc6+
bxc6 9. Ne5 O-O 10. Nxc6 Qe8 11. f3 Qxc6 12. O-O Qb6 13. b4 a5 14. bxa5 Rxa5 15.
Re1 Bxb1 16. Kh1 Bxa2 17. Bd2 Qb2 18. Rxe6 Bb3 19. Rb1 Bxd1 20. Rxb2 Ne4 21. Rb1
Bc2 22. Rc1 Nxd2 23. Re2 Bf4 24. g3 Bd3 25. Re7 Nxf3 26. gxf4 Ra2 0-1

[Event "Challenge"]
[Site "http://www.queenalice.com/game.php?id=675169"]
[Date "2009.10.30"]
[Round "-"]
[White "spif"]
[Black "hoof"]
[Result "1-0"]
[WhiteElo "1698"]
[BlackElo "2385"]

1. Nf3 Nf6 2. d4 g6 3. c4 Bg7 4. Nc3 O-O 5. e4 d6 6. Be2 e5 7. O-O Qe8 8. dxe5
dxe5 9. Be3 b6 10. Nd5 Na6 11. Nxf6+ Bxf6 12. Bh6 Bg7 13. Bxg7 Kxg7 14. Qd5 Bg4
15. Qd3 Nb4 16. Qc3 Bxf3 17. Bxf3 Nc6 18. Rad1 Nd4 19. Bg4 h5 20. Bf3 c5 21. Rd3
Rd8 22. Bd1 f6 23. Rg3 Kh7 24. Re1 a6 25. Rh3 Qf7 26. g4 Rg8 27. Kh1 Qd7 28. Rg1
Qc6 29. Qe3 Rg7 30. b3 Rgd7 31. gxh5 g5 32. h6 Nf5 33. Qf3 Ne7 34. Rxg5 Rxd1+
35. Kg2 1-0

[Event "Challenge"]
[Site "http://www.queenalice.com/game.php?id=687343"]
[Date "2009.11.22"]
[Round "-"]
[White "RafaelCabral"]
[Black "hoof"]
[Result "1-0"]
[WhiteElo "2102"]
[BlackElo "2280"]

1. e4 c5 2. Nf3 d6 3. d4 cxd4 4. Nxd4 Nf6 5. Nc3 a6 6. Bg5 e6 7. f4 Qc7 8. Qf3
b5 9. Bxf6 gxf6 10. e5 Bb7 11. Qh5 Qe7 12. O-O-O 1-0

[Event "AUTO-MASTER-806"]
[Site "http://www.queenalice.com/game.php?id=706567"]
[Date "2010.1.1"]
[Round "2"]
[White "R_Mutt"]
[Black "hoof"]
[Result "1-0"]
[WhiteElo "2374"]
[BlackElo "2289"]

1. Nc3 d5 2. d4 Nf6 3. Nf3 Nc6 4. a3 Ne4 5. e3 Nxc3 6. bxc3 e6 7. a4 Bd6 8. Bd3
O-O 9. e4 dxe4 10. Bxe4 Ne7 11. Qe2 1-0